One Hit Wonders - Statistics

General Stats
  • This quiz has been taken 159 times
  • The average score is 9 of 15
Answer Stats
Song Band % Correct
Take on Me a-ha
91%
Ice Ice Baby Vanilla Ice
91%
The Final Countdown Europe
83%
Somebody That I Used to Know Gotye
83%
Barbie Girl Aqua
81%
I'm Gonna Be (500 Miles) The Proclaimers
67%
Tubthumping Chumbawamba
64%
I'm Too Sexy Right Said Fred
57%
Come On Eileen Dexy's Midnight Runners
56%
Macarena Los Del Rio
55%
What's Up 4 Non Blondes
54%
My Sharona The Knack
45%
In a Big Country Big Country
27%
Mmmm Mmmm Mmmm Mmmm Crash Test Dummies
27%
Turning Japanese The Vapors
21%
No matching quizzes found
Score Distribution
Percent of People with Each Score
Percentile by Number Answered
Your Score History
You have not taken this quiz